Seterra Large Countries Quiz - Statistics

General Stats
  • This quiz has been taken 284 times
  • The average score is 17 of 59
Answers on the Map
Answers color-coded by a green-red scale on the quiz's map according to % correct below.
 
Answer Stats
Answer % Correct
Canada
63%
Russia
53%
France
51%
India
49%
Denmark
48%
Turkey
42%
Ukraine
42%
Spain
41%
Australia
40%
Brazil
39%
Mauritania
39%
Iraq
37%
Kazakhstan
37%
Ethiopia
36%
Bolivia
35%
Venezuela
34%
Mongolia
33%
FInland
32%
Sudan
32%
Thailand
31%
United States
30%
Afghanistan
29%
China
28%
Germany
28%
Morocco
28%
Argentina
27%
Iran
27%
Mexico
27%
Peru
27%
Poland
27%
Algeria
26%
Indonesia
26%
Central African Republic
25%
Botswana
24%
Myanmar
24%
Pakistan
24%
Chad
23%
Congo (Dem Rep of)
23%
Egypt
23%
Madagascar
22%
Nigeria
22%
Saudi Arabia
22%
Mali
21%
Mozambique
20%
Norway
20%
Angola
19%
Libya
19%
Somalia
19%
South Africa
19%
Sweden
19%
Cameroon
18%
Colombia
18%
Zimbabwe
17%
Kenya
13%
Congo (Rep of)
12%
Namibia
12%
Niger
12%
Tanzania
11%
Zambia
9%
No matching quizzes found
Score Distribution
Percent of People with Each Score
Percentile by Number Answered
Your Score History
You have not taken this quiz